[Event "Olimpiade 2024 - Donne"]
[Site "Budapest"]
[Date "21.09.2024"]
[Round "10.49"]
[Board "2"]
[White "Kaslan, Victoria"]
[Black "Cabezas Calero, Abigail Carolina"]
[Result "1/2-1/2"]
[WhiteTitle "WCM"]
[BlackTitle "CM"]
[WhiteElo "1726"]
[BlackElo "1824"]
[WhiteTeam "Suriname"]
[BlackTeam "Nicaragua"]
[WhiteFideId "8202230"]
[BlackFideId "6105971"]
[EventDate "2024.09.11"]

1. d4 d5 2. c4 e6 3. Nf3 Nf6 4. e3 a6 5. Bd3 dxc4 6. Bxc4 b5 7. Bd3 Bb7 8. O-O
Nbd7 9. b3 Be7 10. Bb2 O-O 11. Nbd2 c5 12. Rc1 Rc8 13. Qe2 Nd5 14. Ne5 Bf6 15.
Ndf3 cxd4 16. Rxc8 Qxc8 17. Rc1 Nc3 18. Bxc3 Nxe5 19. Nxd4 Nxd3 20. Qxd3 e5 21.
Ne2 Rd8 22. Qb1 Qg4 23. Ng3 Rc8 24. Qf5 Qxf5 25. Nxf5 Rc6 26. Bb2 Rxc1+ 27. Bxc1
e4 28. Nd6 Bc6 29. h3 Be7 30. Nf5 Bc5 31. Bb2 g6 32. Nd4 1/2-1/2

[Event "Olimpiade 2024 - Donne"]
[Site "Budapest"]
[Date "21.09.2024"]
[Round "10.49"]
[Board "3"]
[White "Munoz Cortez, Anahi Alexandra"]
[Black "Wu, Elise"]
[Result "1-0"]
[WhiteElo "1868"]
[BlackElo "1595"]
[WhiteTeam "Nicaragua"]
[BlackTeam "Suriname"]
[WhiteFideId "6109527"]
[BlackFideId "8205760"]
[EventDate "2024.09.11"]

1. e4 c5 2. Nc3 Nc6 3. f4 g6 4. Nf3 Bg7 5. Bb5 e6 6. d3 Nge7 7. O-O Nd4 8. e5 a6
9. Ba4 Nef5 10. Ne4 O-O 11. g4 Nxf3+ 12. Qxf3 Nd4 13. Qf2 b6 14. c3 Nc6 15. Bxc6
dxc6 16. d4 cxd4 17. cxd4 f6 18. Be3 fxe5 19. dxe5 Bxe5 20. Bxb6 Qd3 21. Nc5 Qb5
22. Qe3 Bxf4 23. Rxf4 Rxf4 24. Qxf4 Qxb6 25. Qd4 Rb8 26. Rf1 Qc7 27. Rf8+ Kxf8
28. Qh8+ Ke7 29. Qg7+ Kd6 30. Ne4+ Kd5 31. Qxc7 Rxb2 32. Nf6+ 1-0

[Event "Olimpiade 2024 - Donne"]
[Site "Budapest"]
[Date "21.09.2024"]
[Round "10.49"]
[Board "4"]
[White "Tjong Tjin Joe, Maylee"]
[Black "Alvarez Gutierrez, Patricia"]
[Result "1/2-1/2"]
[WhiteElo "1665"]
[BlackElo "1826"]
[WhiteTeam "Suriname"]
[BlackTeam "Nicaragua"]
[WhiteFideId "8202699"]
[BlackFideId "6105548"]
[EventDate "2024.09.11"]

1. d4 d5 2. c4 c6 3. Nf3 Nf6 4. e3 Bf5 5. Bd3 Bxd3 6. Qxd3 e6 7. b3 Nbd7 8. Nbd2
Be7 9. O-O O-O 10. Ne5 Qc7 11. Bb2 Rfd8 12. Qc2 h6 13. f4 Rac8 14. Rac1 c5 15.
Rfd1 Qb6 16. Kh1 Nxe5 17. fxe5 Ng4 18. Re1 Bg5 19. Qc3 cxd4 20. exd4 Nf2+ 21.
Kg1 Ne4 22. Nxe4 Bxc1 23. Nf6+ gxf6 24. Bxc1 dxc4 25. Qg3+ Kh7 26. Qh3 Qxd4+ 27.
Kh1 Qd3 28. Qxh6+ Kg8 29. exf6 Qg6 30. Qe3 c3 31. h3 c2 32. Kh2 Rd1 1/2-1/2

[Event "Olimpiade 2024 - Donne"]
[Site "Budapest"]
[Date "21.09.2024"]
[Round "10.50"]
[Board "1"]
[White "Nahed Galab"]
[Black "Fuad Kamel Jamaliah, Natalie"]
[Result "0-1"]
[BlackTitle "WIM"]
[WhiteElo "1693"]
[BlackElo "2003"]
[WhiteTeam "Sudan"]
[BlackTeam "Jordan"]
[WhiteFideId "12208515"]
[BlackFideId "724190"]
[EventDate "2024.09.11"]

1. d4 d5 2. Nf3 Nf6 3. g3 Bg4 4. Bg2 e6 5. O-O Nbd7 6. c4 c6 7. cxd5 exd5 8. Nc3
Bd6 9. Bg5 h6 10. Bxf6 Nxf6 11. Re1 O-O 12. Rc1 Re8 13. a3 a5 14. Qc2 Qd7 15.
Rcd1 Bf5 16. Qb3 Re7 17. Nd2 Rae8 18. Nf3 Qc7 19. Rc1 Qb8 20. e3 Be4 21. Nxe4
Nxe4 22. Qd3 Qc8 23. Nd2 Ng5 24. e4 dxe4 25. Nxe4 Qd7 26. Qb1 Bb8 27. Nxg5 hxg5
28. Rxe7 Qxe7 29. Qd3 Qf6 30. Qd2 Ba7 31. Rd1 g6 32. b4 axb4 33. axb4 Kg7 34.
Qb2 Rd8 35. Qe2 Bxd4 36. Rf1 b6 37. Qc4 c5 38. bxc5 bxc5 39. Bd5 Rb8 40. Be4 Rb2
41. Bc2 Qf3 42. Qd3 Qf6 43. Qc4 Qf3 44. Qd3 Qxd3 45. Bxd3 g4 46. Kg2 f5 47. Bc4
Kf6 48. Bd5 Rc2 49. Bb3 Rd2 50. Bc4 g5 51. Bb3 f4 52. Bc4 Rc2 53. Bb3 Rc3 54.
Bd1 f3+ 55. Kg1 c4 56. h3 gxh3 57. Ba4 g4 58. Bd7 Kg5 59. Ba4 Ra3 60. Bc2 Ra2
61. Rc1 h2+ 62. Kxh2 Bxf2 63. Bb1 Bxg3+ 64. Kg1 Rh2 65. Be4 Re2 66. Bd5 c3 67.
Bb3 f2+ 0-1

[Event "Olimpiade 2024 - Donne"]
[Site "Budapest"]
[Date "21.09.2024"]
[Round "10.50"]
[Board "2"]
[White "Jeda Helal"]
[Black "Sabreen Oraby"]
[Result "1/2-1/2"]
[WhiteElo "1569"]
[BlackElo "1812"]
[WhiteTeam "Jordan"]
[BlackTeam "Sudan"]
[WhiteFideId "8112398"]
[BlackFideId "10610499"]
[EventDate "2024.09.11"]

1. e4 c5 2. Nf3 g6 3. d4 Bg7 4. d5 d6 5. Nc3 Nf6 6. Bc4 O-O 7. h3 a6 8. a4 Re8
9. O-O e6 10. Re1 exd5 11. Bxd5 Nxd5 12. Nxd5 Nc6 13. Bg5 f6 14. Bf4 Ne5 15. Kh1
Be6 16. Ra3 Rb8 17. Bxe5 dxe5 18. Rd3 Qa5 19. b3 Rbd8 20. Re2 Kh8 21. Red2 Rc8
22. Qb1 b5 23. b4 cxb4 24. Qxb4 Qxa4 25. Qxa4 bxa4 26. Nb6 Rb8 27. Nxa4 Bf8 28.
Rd1 Rec8 29. Nc3 Rb2 30. Nd5 Rbxc2 31. Nxf6 Rxf2 32. Rd8 Rf1+ 33. Rxf1 Rxd8 34.
Nxe5 Bg7 35. Nfg4 Rd4 36. Re1 a5 37. Nc6 Ra4 38. e5 Kg8 39. Nf6+ Bxf6 40. exf6
Bd7 41. Nd8 Rf4 42. Re7 Rf1+ 43. Kh2 Ba4 44. f7+ Kf8 45. Rb7 Rf6 46. Rb8 Bd7 47.
Ra8 a4 48. Ra7 Ke7 49. Nc6+ 1/2-1/2

[Event "Olimpiade 2024 - Donne"]
[Site "Budapest"]
[Date "21.09.2024"]
[Round "10.50"]
[Board "3"]
[White "Rawan Mansor"]
[Black "Boshra, Alshaeby"]
[Result "0-1"]
[BlackTitle "WIM"]
[WhiteElo "1717"]
[BlackElo "1939"]
[WhiteTeam "Sudan"]
[BlackTeam "Jordan"]
[WhiteFideId "12200794"]
[BlackFideId "8102937"]
[EventDate "2024.09.11"]

1. d4 Nf6 2. Bf4 e6 3. c3 c5 4. e3 cxd4 5. exd4 Be7 6. Bd3 b6 7. Nd2 Bb7 8. Ngf3
O-O 9. Qe2 d6 10. h3 a6 11. O-O Nbd7 12. Rfe1 Re8 13. Ne4 Nxe4 14. Bxe4 Bxe4 15.
Qxe4 Nf6 16. Qd3 b5 17. a4 Qb6 18. Qe2 Bf8 19. Bg5 Nd5 20. axb5 axb5 21. Qd3 h6
22. Bd2 Qc6 23. Rec1 Qc4 24. Qc2 Ra2 25. Rxa2 Qxa2 26. Qb1 Qa6 27. Qc2 Rc8 28.
Qd1 Qa2 29. Rb1 Ra8 30. Qc1 Nb6 31. Be1 Qa6 32. Bd2 Nc4 33. Be1 Qa2 34. Nd2 d5
35. Kf1 Bd6 36. Nxc4 bxc4 37. Bd2 Rb8 38. Qc2 Rb3 39. Bc1 Qa5 40. Bd2 Qb6 41.
Bc1 Qa7 42. Bd2 Qb8 43. Be3 Ba3 44. Bc1 Bf8 45. Kg1 Qa7 46. Be3 Qa2 47. Bc1 g6
48. Bd2 h5 49. Kh2 Bd6+ 50. g3 h4 51. Kg2 hxg3 52. fxg3 Qa8 53. Rf1 Qb8 54. Bc1
Bxg3 55. Rf6 Kg7 56. Rf3 Bh4 57. Qd2 g5 58. Qe2 Rb7 59. Re3 Qf4 60. Qd1 Rxb2+ 0-1

[Event "Olimpiade 2024 - Donne"]
[Site "Budapest"]
[Date "21.09.2024"]
[Round "10.50"]
[Board "4"]
[White "Ruba Al-Qudah"]
[Black "Elizabeth  Tanyous"]
[Result "1-0"]
[WhiteElo "1937"]
[BlackElo "1530"]
[WhiteTeam "Jordan"]
[BlackTeam "Sudan"]
[WhiteFideId "8114595"]
[BlackFideId "12201448"]
[EventDate "2024.09.11"]

1. e4 e6 2. d4 d5 3. exd5 exd5 4. Nf3 Bg4 5. Bd3 Bd6 6. O-O Ne7 7. Nc3 c6 8. h3
Bh5 9. Re1 O-O 10. Bg5 Qd7 11. Nb1 Na6 12. c3 Nc7 13. Bxe7 Bxe7 14. Ne5 Bxd1 15.
Nxd7 Rfe8 16. Rxd1 Bd6 17. Nc5 Re7 18. Nxb7 Bf4 19. Na5 Rae8 20. Na3 Re6 21. Kf1
Rf6 22. Re1 Rb8 23. Re2 Rc8 24. Nc2 Ne6 25. Nb4 Kh8 26. Naxc6 Nc7 27. Nxa7 Rd8
28. Rae1 g6 29. Nb5 Ne6 30. Kg1 Kg7 31. g3 Bb8 32. Nc6 Rc8 33. Nxb8 Rxb8 34. Re5
h6 35. h4 Rd8 36. a4 Nf8 37. a5 Nd7 38. Rxd5 Ra6 39. Re7 Rf8 40. Rdxd7 Kf6 41.
Bc4 g5 42. Rxf7+ Rxf7 43. Rxf7+ Kg6 44. b4 g4 45. Rd7 Kh5 46. Bf7+ Rg6 47. Rd5# 1-0

[Event "Olimpiade 2024 - Donne"]
[Site "Budapest"]
[Date "21.09.2024"]
[Round "10.51"]
[Board "1"]
[White "Chen, Chi"]
[Black "Henderson de La Fuente, Andrea"]
[Result "1-0"]
[BlackTitle "WFM"]
[WhiteElo "1746"]
[BlackElo "1986"]
[WhiteTeam "Chinese Taipei"]
[BlackTeam "Andorra"]
[WhiteFideId "16301633"]
[BlackFideId "32096577"]
[EventDate "2024.09.11"]

1. d4 Nf6 2. Nf3 e6 3. c4 b6 4. g3 Bb7 5. Bg2 d5 6. cxd5 exd5 7. O-O Bd6 8. Nc3
a6 9. e4 Be7 10. e5 Ne4 11. Nd2 Nxc3 12. bxc3 Nc6 13. Qg4 O-O 14. f4 f5 15. exf6
Bxf6 16. Qe6+ Kh8 17. Qxd5 Qxd5 18. Bxd5 Rad8 19. Ba3 Rxd5 20. Bxf8 Nxd4 21.
Rae1 Kg8 22. c4 Rd7 23. Bb4 Nc2 24. Re8+ Kf7 25. Rf8+ Kg6 26. f5+ Kh6 27. Rxf6+
gxf6 28. Bc3 Rd3 29. Nb1 Kg7 30. Rc1 Ne3 31. Kf2 Nxf5 32. Ke2 Re3+ 33. Kd2 Rf3
34. Ke2 Re3+ 35. Kd2 Re6 36. Rf1 Nd6 37. Ba1 Nxc4+ 38. Kc3 b5 39. Nd2 Re3+ 40.
Kc2 Re2 41. Bxf6+ Kg8 42. Bg5 Rxh2 43. Kc3 Nb6 44. Nb3 Na4+ 45. Kd4 Rxa2 46. Bh6 1-0

[Event "Olimpiade 2024 - Donne"]
[Site "Budapest"]
[Date "21.09.2024"]
[Round "10.51"]
[Board "2"]
[White "Muratet Carmona, Julia"]
[Black "Shih, Ching-An"]
[Result "1/2-1/2"]
[BlackTitle "WFM"]
[WhiteElo "1816"]
[BlackElo "1734"]
[WhiteTeam "Andorra"]
[BlackTeam "Chinese Taipei"]
[WhiteFideId "2204282"]
[BlackFideId "16300653"]
[EventDate "2024.09.11"]

1. d4 Nf6 2. Bf4 g6 3. Nf3 Bg7 4. h3 d6 5. e3 Nbd7 6. Bd3 c5 7. c3 O-O 8. Nbd2
b6 9. e4 Bb7 10. d5 Ne8 11. Qb3 Ne5 12. Nxe5 dxe5 13. Bg3 Nd6 14. Nc4 Nxc4 15.
Bxc4 Qd6 16. O-O a5 17. a4 Ba6 18. Bxa6 Rxa6 19. Qb5 Raa8 20. f4 Rab8 21. f5
gxf5 22. Rxf5 e6 23. dxe6 Qxe6 24. Qe2 f6 25. Bf2 Rbd8 26. Be3 Qc6 27. Qg4 Rf7
28. h4 Kh8 29. Rh5 Qd7 30. Qg6 Bf8 31. Rf1 Rg7 32. Qxf6 Be7 33. Qf5 Qxf5 34.
Rfxf5 Rdg8 35. Bg5 Bxg5 36. Rhxg5 Rxg5 37. hxg5 Rd8 38. Rxe5 Rd1+ 39. Kh2 Rb1
40. Re8+ Kg7 41. Re7+ Kg8 42. Rb7 Rxb2 43. e5 Re2 44. Rxb6 Rxe5 45. g6 hxg6 46.
Rxg6+ Kf7 47. Ra6 Re3 48. Rxa5 Rxc3 49. Ra6 Ra3 50. Rc6 Rxa4 51. Rxc5 Kg6 52.
Kh3 Rb4 53. g3 Ra4 54. Rc8 Rb4 55. Rg8+ Kh7 56. Rg4 Rxg4 57. Kxg4 Kg6 58. Kf4
Kf6 59. g4 Kg6 60. g5 Kg7 61. Kf5 Kf7 62. g6+ Kg7 63. Kg5 Kg8 64. Kf6 Kf8 65.
g7+ Kg8 66. Kg6 1/2-1/2

[Event "Olimpiade 2024 - Donne"]
[Site "Budapest"]
[Date "21.09.2024"]
[Round "10.51"]
[Board "3"]
[White "Chen, I-Chen"]
[Black "Muratet Carmona, Alexandra"]
[Result "0-1"]
[WhiteTitle "WFM"]
[WhiteElo "1771"]
[BlackElo "1796"]
[WhiteTeam "Chinese Taipei"]
[BlackTeam "Andorra"]
[WhiteFideId "16300181"]
[BlackFideId "22227172"]
[EventDate "2024.09.11"]

1. e4 c5 2. Nf3 e6 3. d4 cxd4 4. Nxd4 Nc6 5. Nc3 a6 6. Be3 Bb4 7. Nxc6 bxc6 8.
Qd4 Bxc3+ 9. Qxc3 Nf6 10. Bc5 Nxe4 11. Qxg7 Qf6 12. Qxf6 Nxf6 13. Bd4 Ke7 14.
O-O-O Rg8 15. Bc5+ Ke8 16. f3 d5 17. g3 Nd7 18. Bd6 e5 19. Bh3 f6 20. Bg4 Nf8
21. Bh5+ Ng6 22. Rhe1 Kd7 23. Bc5 Rb8 24. c4 Ke6 25. f4 Rd8 26. Rf1 f5 27. fxe5
Bd7 28. Bd6 Rbc8 29. Bxg6 hxg6 30. c5 Rh8 31. h4 Rcg8 32. Rh1 Rh5 33. Rdg1 d4
34. Kd2 Kd5 35. Kd3 g5 36. hxg5 Rhxg5 37. Rh3 R5g6 38. Re1 Be6 39. Rh4 Rxg3+ 40.
Kd2 Rg2+ 41. Re2 Rxe2+ 42. Kxe2 Rg4 43. Rh2 Ke4 44. b3 f4 45. Be7 Kxe5 46. Rh5+
Ke4 47. Bf6 f3+ 48. Kf1 Bd5 49. Re5+ Kd3 50. Re8 Re4 51. Rh8 Kc2 52. Rh2+ Re2
53. Rxe2+ fxe2+ 54. Kxe2 d3+ 0-1

[Event "Olimpiade 2024 - Donne"]
[Site "Budapest"]
[Date "21.09.2024"]
[Round "10.51"]
[Board "4"]
[White "Real Puigdollers, Silvia"]
[Black "Tsai, Sophie Yi-Hsuan"]
[Result "0-1"]
[WhiteTitle "WCM"]
[BlackTitle "WCM"]
[WhiteElo "1781"]
[BlackElo "1668"]
[WhiteTeam "Andorra"]
[BlackTeam "Chinese Taipei"]
[WhiteFideId "6901336"]
[BlackFideId "16302087"]
[EventDate "2024.09.11"]

1. Nf3 c5 2. g3 Nc6 3. Bg2 g6 4. e4 Bg7 5. O-O Nf6 6. d3 d5 7. Qe2 Bg4 8. h3 Nd4
9. Qd1 Nxf3+ 10. Bxf3 Bxh3 11. Re1 Be6 12. Nd2 dxe4 13. dxe4 Qc7 14. c3 O-O 15.
Nf1 Rad8 16. Qe2 Nd7 17. Bf4 Qc8 18. Bg2 c4 19. Bg5 Rfe8 20. Be3 b6 21. Nh2 Ne5
22. a4 Nd3 23. Red1 Rd7 24. f4 Red8 25. g4 f5 26. gxf5 gxf5 27. e5 Bf7 28. Nf1
Kh8 29. Ng3 e6 30. Bf3 Bh6 31. Qh2 Bxf4 32. Bxf4 Nxf4 33. Rxd7 Rxd7 34. Nxf5
Qc5+ 35. Nd4 Qxe5 36. Rf1 Qe3+ 37. Kh1 Bg6 38. Bc6 Be4+ 39. Bxe4 Qxe4+ 40. Kg1
Rg7+ 0-1

[Event "Olimpiade 2024 - Donne"]
[Site "Budapest"]
[Date "21.09.2024"]
[Round "10.52"]
[Board "1"]
[White "Vilhete, Vania Fausto Da T."]
[Black "Marape, Naledi"]
[Result "1/2-1/2"]
[WhiteTitle "WIM"]
[BlackTitle "WFM"]
[WhiteElo "1877"]
[BlackElo "1926"]
[WhiteTeam "Mozambique"]
[BlackTeam "Botswana"]
[WhiteFideId "14800144"]
[BlackFideId "11310880"]
[EventDate "2024.09.11"]

1. d4 Nf6 2. c4 g6 3. Nc3 d5 4. e3 Bg7 5. Nf3 O-O 6. Bd3 c6 7. O-O Bg4 8. h3
Bxf3 9. Qxf3 dxc4 10. Bxc4 Nbd7 11. Bb3 Rc8 12. Rd1 e6 13. e4 Qe7 14. Bg5 h6 15.
Bh4 g5 16. Bg3 Nb6 17. e5 Nfd7 18. Re1 Nd5 19. Ne4 Rfd8 20. Nd6 Rc7 21. Rad1 Nf8
22. Ne4 Rcd7 23. Nc5 Rc7 24. Qg4 Ng6 25. Bc2 Ndf4 26. h4 h5 27. Qf3 g4 28. Qe4
Nd5 29. Bb1 Bh6 30. f3 gxf3 31. Qxf3 Kg7 32. Qxh5 Rh8 33. Qg4 Ne3 34. Rxe3 Bxe3+
35. Kf1 Rxh4 36. Bxh4 Qxh4 37. Qxh4 Nxh4 38. Ke2 Bg5 39. Ne4 Be7 40. g4 Ng6 41.
Ng3 Rd7 42. Nh5+ Kh6 43. Be4 Kg5 44. Bf3 Nh4 45. Ke3 Nxf3 46. Kxf3 c5 47. Ng3
Rxd4 48. Rxd4 cxd4 49. Ne4+ Kg6 50. Nd6 f6 51. Nxb7 fxe5 52. Ke4 Kg5 53. Na5 Bd6
54. Nc6 a6 55. b4 Kxg4 56. a4 Kg3 57. b5 axb5 58. axb5 Bc7 1/2-1/2

[Event "Olimpiade 2024 - Donne"]
[Site "Budapest"]
[Date "21.09.2024"]
[Round "10.52"]
[Board "2"]
[White "Gabatshwarwe Refilwe"]
[Black "Efentakis, Katina"]
[Result "1-0"]
[WhiteTitle "WCM"]
[WhiteElo "1787"]
[BlackElo "1650"]
[WhiteTeam "Botswana"]
[BlackTeam "Mozambique"]
[WhiteFideId "11312734"]
[BlackFideId "14800659"]
[EventDate "2024.09.11"]

1. d4 d5 2. Bf4 Bf5 3. e3 e6 4. c3 Bd6 5. Qb3 b6 6. Nf3 Ne7 7. Nbd2 O-O 8. Bg3
c5 9. Be2 c4 10. Qd1 Nbc6 11. Nh4 b5 12. Nxf5 Nxf5 13. e4 Nxg3 14. hxg3 dxe4 15.
Nxe4 Be7 16. Bf3 Qb6 17. Qe2 Rac8 18. g4 Rfe8 19. Kf1 Nb8 20. Ng3 Nd7 21. Qc2 g6
22. Rd1 Nf6 23. Ne4 Nxe4 24. Bxe4 Red8 25. g3 a5 26. Kg2 b4 27. Rh2 Kg7 28. Qd2
Rh8 29. Rdh1 h6 30. Rxh6 Bg5 31. Qxg5 Rxh6 32. Qxh6+ Kf6 33. Qf4+ Ke7 34. Rh7
Rf8 35. Bxg6 bxc3 36. bxc3 Qc6+ 37. Be4 Qb6 38. g5 Ke8 39. Qe5 Rg8 40. Rh8 Rxh8
41. Qxh8+ Ke7 42. Qe5 a4 43. Qc5+ Qxc5 44. dxc5 a3 45. Kf3 e5 46. Ke3 Ke6 47. f4
exf4+ 48. gxf4 1-0

[Event "Olimpiade 2024 - Donne"]
[Site "Budapest"]
[Date "21.09.2024"]
[Round "10.52"]
[Board "3"]
[White "Castro, Neusa Aridas De"]
[Black "Mosweu, Atlang Amolemo"]
[Result "1-0"]
[WhiteTitle "WCM"]
[BlackTitle "WCM"]
[WhiteElo "1684"]
[BlackElo "1797"]
[WhiteTeam "Mozambique"]
[BlackTeam "Botswana"]
[WhiteFideId "14800250"]
[BlackFideId "11314907"]
[EventDate "2024.09.11"]

1. e4 c6 2. d3 d5 3. Nd2 e6 4. Be2 c5 5. Ngf3 Nc6 6. O-O d4 7. Nc4 Nf6 8. Bg5
Be7 9. Nfe5 Nxe5 10. Nxe5 Nd7 11. Bxe7 Qxe7 12. Nc4 O-O 13. f4 b5 14. Nd2 Bb7
15. Qe1 f6 16. Qg3 f5 17. Rae1 Qf7 18. b3 Qg6 19. Qxg6 hxg6 20. Bf3 Kf7 21. e5
Bxf3 22. Rxf3 Nb6 23. a3 Nd5 24. Nf1 a5 25. Ra1 Ra7 26. a4 bxa4 27. Rxa4 Rb8 28.
Ra1 Rb4 29. Nd2 a4 30. Nc4 Ke7 31. Rff1 Nc3 32. Nd6 Ra8 33. g3 Kd7 34. Ra3 Rab8
35. bxa4 Rxa4 36. Rxa4 Nxa4 37. Ra1 Rb4 38. Nc4 Kc7 39. Kf2 Kc6 40. Ke2 Nb6 41.
Nd6 Ra4 42. Rb1 Ra7 43. Kd2 Nd5 44. Rb8 Nb4 45. Rc8+ Kd5 46. Nc4 Rb7 47. Rd8+
Kc6 48. Na5+ Kc7 49. Nxb7 Kxb7 50. Rd7+ 1-0

[Event "Olimpiade 2024 - Donne"]
[Site "Budapest"]
[Date "21.09.2024"]
[Round "10.53"]
[Board "1"]
[White "Charinda, Kudzanayi"]
[Black "Feng, Eunice"]
[Result "0-1"]
[WhiteTitle "WCM"]
[BlackTitle "WFM"]
[WhiteElo "1854"]
[BlackElo "1974"]
[WhiteTeam "Zimbabwe"]
[BlackTeam "Hong Kong, China"]
[WhiteFideId "11000538"]
[BlackFideId "331059520"]
[EventDate "2024.09.11"]

1. e4 c6 2. d4 d5 3. exd5 cxd5 4. Bd3 Nc6 5. c3 Qc7 6. Ne2 Bg4 7. O-O e6 8. h3
Bh5 9. Bf4 Bd6 10. Bxd6 Qxd6 11. Qd2 Bg6 12. Na3 Nf6 13. Rae1 Bxd3 14. Qxd3 O-O
15. Nc2 b5 16. f4 b4 17. Ng3 bxc3 18. bxc3 g6 19. Ne3 h5 20. Rf3 h4 21. Nh1 Ne7
22. Nf2 Nh5 23. Neg4 Nxf4 24. Nf6+ Kg7 25. Qd2 Kxf6 26. Ng4+ Kg7 27. Rxf4 Nf5
28. Rxf5 exf5 29. Qh6+ Kg8 30. Ne5 Rac8 31. Rf1 Rfd8 32. Rf4 Qf8 33. Qxh4 Qg7
34. Qe7 Re8 35. Qd6 Rcd8 36. Nd7 Qh6 37. g3 Qxh3 38. Nf6+ Kh8 39. Rh4+ Qxh4 40.
Nxe8 Rxd6 41. gxh4 Rc6 42. Kf2 Kg8 0-1

[Event "Olimpiade 2024 - Donne"]
[Site "Budapest"]
[Date "21.09.2024"]
[Round "10.53"]
[Board "2"]
[White "Leung, Hoi Ting"]
[Black "Shaba, Linda Dalitso"]
[Result "0-1"]
[WhiteTitle "WCM"]
[WhiteElo "1619"]
[BlackElo "1831"]
[WhiteTeam "Hong Kong, China"]
[BlackTeam "Zimbabwe"]
[WhiteFideId "6003770"]
[BlackFideId "11001631"]
[EventDate "2024.09.11"]

1. d4 d5 2. Bf4 Nf6 3. e3 Bf5 4. Bd3 Bg6 5. Nf3 Nbd7 6. c3 e6 7. O-O Be7 8. Be2
Nh5 9. Be5 f6 10. Bg3 Nxg3 11. hxg3 O-O 12. Nbd2 Rc8 13. Rc1 c6 14. c4 Kh8 15.
cxd5 exd5 16. Qb3 Nb6 17. Nh4 Qe8 18. Nxg6+ Qxg6 19. Nf3 Bd6 20. Nh4 Qf7 21.
Rfd1 g6 22. a4 Na8 23. Bd3 f5 24. Nf3 Rfe8 25. Qc3 Qe7 26. Rb1 a6 27. b4 Nb6 28.
Qb3 Rc7 29. b5 cxb5 30. axb5 a5 31. Qb2 Kg7 32. Qa2 Ra8 33. Kf1 a4 34. Nh4 Kf6
35. Qe2 h5 36. Qf3 Qe6 37. Bxf5 gxf5 38. Qxh5 Rg8 39. Qh6+ Kf7 40. Qh7+ Ke8 41.
Qxf5 Qxf5 42. Nxf5 Kd7 43. Ke2 Rh8 44. Rh1 Rxh1 45. Rxh1 Nc8 46. Kd3 Bb4 47.
Rh7+ Ne7 48. Nxe7 Bxe7 49. Rh1 a3 50. Ra1 Rc4 51. Ra2 Rc1 52. f4 Rb1 53. Kc2
Rxb5 54. g4 Ke6 55. g3 Kf6 56. Kc3 Rb1 57. Rg2 b5 58. Rh2 b4+ 59. Kd3 Rb3+ 60.
Ke2 Rb2+ 61. Kf3 Rxh2 0-1

[Event "Olimpiade 2024 - Donne"]
[Site "Budapest"]
[Date "21.09.2024"]
[Round "10.53"]
[Board "3"]
[White "Wakuruwarewa, Colletta"]
[Black "Liu, Tian Yi"]
[Result "0-1"]
[WhiteElo "1814"]
[BlackElo "1607"]
[WhiteTeam "Zimbabwe"]
[BlackTeam "Hong Kong, China"]
[WhiteFideId "11001305"]
[BlackFideId "6006116"]
[EventDate "2024.09.11"]

1. e4 c6 2. d4 d5 3. e5 c5 4. c3 Nc6 5. Bd3 cxd4 6. cxd4 Nxd4 7. Bxh7 Nc6 8.
Bxg8 Rxg8 9. Qh5 Nd4 10. Na3 Bf5 11. Ne2 Bg6 12. Qg4 Nxe2 13. Qxe2 e6 14. Nb5 a6
15. Nd4 Rc8 16. O-O Qh4 17. Be3 Rh8 18. Nf3 Bh5 19. h3 Qe4 20. Rfc1 Rd8 21. Qc2
Bxf3 22. gxf3 Qh4 23. Kf1 d4 24. Qa4+ b5 25. Qxa6 Qxh3+ 26. Ke2 d3+ 27. Kd2 Bb4+
28. Rc3 Bxc3+ 29. bxc3 Qxf3 30. Qxb5+ Kf8 31. Re1 Rh1 32. Qb1 Qe2+ 0-1

[Event "Olimpiade 2024 - Donne"]
[Site "Budapest"]
[Date "21.09.2024"]
[Round "10.53"]
[Board "4"]
[White "Liang, Liyun"]
[Black "Zengeni, Tatenda Melisa"]
[Result "1-0"]
[WhiteElo "1463"]
[BlackElo "1732"]
[WhiteTeam "Hong Kong, China"]
[BlackTeam "Zimbabwe"]
[WhiteFideId "2408015"]
[BlackFideId "11001313"]
[EventDate "2024.09.11"]

1. e4 c6 2. d4 d5 3. e5 Bf5 4. Nf3 e6 5. Be2 Be7 6. O-O Qb6 7. c4 dxc4 8. Nbd2
Nd7 9. Nxc4 Qc7 10. a4 Nb6 11. b3 Nd5 12. Ba3 Nb4 13. Nd6+ Bxd6 14. exd6 Qxd6
15. a5 c5 16. Bb5+ Kf8 17. Qc1 b6 18. dxc5 Qxc5 19. axb6 Qxb5 20. b7 Qxb7 21.
Qc5+ Ke8 22. Bxb4 Ne7 23. Ne5 f6 24. Nc4 Nc8 25. Rfd1 Be4 26. Rd6 Bd5 27. Rd1
Kf7 28. R1xd5 exd5 29. Rc6 Kg6 30. Ne5+ Kf5 31. Qxd5 fxe5 32. g4+ Kxg4 33. Rc4+
Kf5 34. Qxb7 Nb6 35. Qf7+ Kg5 36. Bd2# 1-0

[Event "Olimpiade 2024 - Donne"]
[Site "Budapest"]
[Date "21.09.2024"]
[Round "10.54"]
[Board "1"]
[White "Morales Santos, Natasha"]
[Black "Lyons, Kieran"]
[Result "1-0"]
[WhiteTitle "WIM"]
[BlackTitle "WFM"]
[WhiteElo "1972"]
[BlackElo "1818"]
[WhiteTeam "Puerto Rico"]
[BlackTeam "Fiji"]
[WhiteFideId "3101703"]
[BlackFideId "11400102"]
[EventDate "2024.09.11"]

1. d4 f5 2. e4 fxe4 3. Nc3 Nf6 4. Bg5 e6 5. d5 Bb4 6. Bc4 h6 7. Bh4 g5 8. Bg3
Bxc3+ 9. bxc3 d6 10. h4 g4 11. Ne2 e5 12. h5 Nbd7 13. Bh4 Nc5 14. Bb5+ Kf7 15.
Ng3 Qg8 16. Qd2 Qg7 17. O-O-O Rf8 18. Rdf1 Kg8 19. f3 a6 20. Be2 Bd7 21. c4 Rf7
22. Rhg1 Raf8 23. Qe3 Bc8 24. fxe4 Nh7 25. Bd3 Rxf1+ 26. Rxf1 Rxf1+ 27. Nxf1 Qf8
28. Kd2 Nxd3 29. Qxd3 Qf4+ 30. Ke2 Ng5 31. Bxg5 Qxg5 32. Ng3 Qf4 33. Nf1 Kg7 34.
g3 Qg5 35. Qe3 Qxh5 36. c5 Qf7 37. Nd2 Kg6 38. cxd6 cxd6 39. Qb6 Qf8 40. c4 Kg5
41. Qc7 Kf6 42. a4 h5 43. Qh7 Qe8 44. a5 Bd7 45. Qh6+ Ke7 46. Qg5+ Kf8 47. Qf6+
Kg8 48. Qxd6 h4 49. gxh4 g3 50. Qh6 Bg4+ 51. Ke3 Qe7 52. Qg5+ Qxg5+ 53. hxg5 Kg7
54. c5 Kg6 55. Nf3 g2 56. Nh4+ Kxg5 57. Nxg2 Bd7 58. Ne1 Kf6 59. Nf3 Bg4 60. Nd2
Bd7 61. Nc4 Bb5 62. Nd6 Ke7 63. Nxb7 Kd7 64. Nd6 Bc6 65. Nf7 Bb5 66. Nxe5+ Kc7
67. Kd4 Ba4 68. Nc4 Bb5 69. e5 Kd7 70. c6+ Kd8 71. Kc5 Kc7 72. Nb6 Bxc6 73. dxc6
Kb8 74. e6 1-0